Islamic Republic of Afghanistan : First Review Under the Under the Extended Credit Facility Arrangement and Request for Modification of Performance Criteria-Press Release; Staff Report; and Statement by the Executive Director for Islamic Republic of Afghanistan.

Afghanistan is confronting the Covid-19 pandemic and its socioeconomic fallout amid rising insecurity. Supported by donors, the authorities boosted health and social spending to cushion the pandemic's impact on the vulnerable. Policy measures kept the output contraction to 2 percent in 2020, bu...

Descrizione completa

Dettagli Bibliografici
Ente Autore: International Monetary Fund. Middle East and Central Asia Dept
Natura: Periodico
Lingua:English
Pubblicazione: Washington, D.C. : International Monetary Fund, 2021.
Serie:IMF Staff Country Reports; Country Report ; No. 2021/138
Soggetti:
Accesso online:Full text available on IMF
LEADER 02205cas a2200301 a 4500
001 AALejournalIMF021853
008 230101c9999 xx r poo 0 0eng d
020 |c 5.00 USD 
020 |z 9781513587202 
022 |a 1934-7685 
040 |a BD-DhAAL  |c BD-DhAAL 
110 2 |a International Monetary Fund.  |b Middle East and Central Asia Dept. 
245 1 0 |a Islamic Republic of Afghanistan :   |b First Review Under the Under the Extended Credit Facility Arrangement and Request for Modification of Performance Criteria-Press Release; Staff Report; and Statement by the Executive Director for Islamic Republic of Afghanistan. 
264 1 |a Washington, D.C. :  |b International Monetary Fund,  |c 2021. 
300 |a 1 online resource (104 pages) 
490 1 |a IMF Staff Country Reports 
500 |a <strong>Off-Campus Access:</strong> No User ID or Password Required 
500 |a <strong>On-Campus Access:</strong> No User ID or Password Required 
506 |a Electronic access restricted to authorized BRAC University faculty, staff and students 
520 3 |a Afghanistan is confronting the Covid-19 pandemic and its socioeconomic fallout amid rising insecurity. Supported by donors, the authorities boosted health and social spending to cushion the pandemic's impact on the vulnerable. Policy measures kept the output contraction to 2 percent in 2020, but poverty rose and the fiscal deficit widened. Political uncertainty has risen as the peace talks between the government and Taliban stalled and the U.S., NATO, and allies announced the withdrawal of their troops by September. In a strong sign of support for Afghanistan's development and reforms, donors pledged some USD 12 billion civilian grants over 2021-24 at the Geneva conference in November 2020. 
538 |a Mode of access: Internet 
650 7 |a International Agreements  |2 imf 
650 7 |a International Organizations  |2 imf 
650 7 |a Monetary Policy  |2 imf 
650 7 |a Observance  |2 imf 
651 7 |a Afghanistan, Islamic Republic of  |2 imf 
830 0 |a IMF Staff Country Reports; Country Report ;  |v No. 2021/138 
856 4 0 |z Full text available on IMF  |u http://elibrary.imf.org/view/journals/002/2021/138/002.2021.issue-138-en.xml  |z IMF e-Library